004790000a2200133000450024500890000065000240008965000240011365000140013765000230015165100540017404100130022810000190024177300850026010aAnnotated checklist of the vascular flora of the Chamela Bay region, Jalisco, Mexico14aTaxonimía vegetal14aRiqueza de especies14aEndemismo14aPlantas vasculares 4lEstación Biológica ChameladJaliscopMéxico0 aInglés1 aLott, Emily J.1 tOccasional papers of the California Academy of Sciences3305h148q1-59d1993g2